000 00419nab a2200145Ia 4500
003 ES-SlBCS
005 20210601133016.0
008 140529s1984 xxu||||| |||| 00| 0 ita d
041 _aita
100 1 _aPace, Pietro
_9201162
245 0 0 _aPer una Nuova Lettura della Realtà
_c Pietro Pace
650 0 4 _aRealidad
_9103648
773 0 _tPresença Filosofica
_gvol. 10, nº. 3-4, 1984, págs. 78-81
_wRev966
942 _cAR
999 _c589203
_d589203